000 00895nam a22002297a 4500
999 _c1519
_d1519
003 AR-CdUCM
008 190227b ||||| |||| 00| 0 spa d
040 _aMUNICIPALIDAD PROVINCIAL DEL CUSCO
_cBIBLIOTECA MUNICIPAL DEL CUSCO
082 _a985.61 /
_bR94
100 _aRuiz Bravo, Patricia
_92260
245 _aCusco :
_bciudad y mercado /
260 _aCusco :
_bCentro Bartolome de las Casas,
_c1983.
300 _a82 páginas ;
_c21.5 cm
440 _aCuadernos para el debate regional
_n12
_95734
505 _aLa cuestión regional cusqueña -- Ciudad y articulación regional: el Cusco y las redes urbanas -- Cusco: crecimiento urbano y organización regional -- Cusco: ciudad, comercio y región
650 _aJerarquias urbanas
_95735
650 _aProducción
_91785
650 _aComercio
_9322
700 _aMonge, Carlos
_95736
942 _2ddc
_cLIBROS
945 _aafb
_d2019-02-27